Los descubridores /

Obra que, estructurada en cuatro campos temáticos (el tiempo, la tierra y los mares, la naturaleza y la sociedad), hace la reconstrucción cronológica de cómo los diversos descubrimientos fueron modificando el conocimiento que el hombre ha tenido en los diversos momentos de la historia y su consecuen...

Olles dieđut

Furkejuvvon:
Bibliográfalaš dieđut
Váldodahkki: Boorstin, Daniel J. (autor)
Materiálatiipa: Girji
Giella:espánnjágiella
Almmustuhtton: Barcelona, España : Crítica, 1989, c1986
Ráidu:(Serie Mayor Crítica)
Fáttát:
Fáddágilkorat: Lasit fáddágilkoriid
Eai fáddágilkorat, Lasit vuosttaš fáddágilkora!

MARC

LEADER 00000nam^a2200000^a^4500
001 000151122
005 20250521000000.0
009 20260310100200.534
020 |a 84-7423-296-1 
037 |a Acervo ITESO - Biblioteca 
041 |a ESP 
082 |a 910. 9  |b BOO 
100 |a Boorstin, Daniel J.  |e (autor) 
245 1 4 |a Los descubridores /  |c D.J. Boorstin ; tr. por Susana Lijtmaer. 
264 4 |a Barcelona, España :  |b Crítica,  |c 1989, c1986 
300 |a 714 p. 
336 |a texto  |b txt  |2 rdacontenido 
337 |a sin mediación  |b n  |2 rdamedio 
338 |a volumen  |b nc  |2 rdasoporte 
440 1 |a (Serie Mayor Crítica) 
500 |a Traducción de: The Discoverers 
520 |a Obra que, estructurada en cuatro campos temáticos (el tiempo, la tierra y los mares, la naturaleza y la sociedad), hace la reconstrucción cronológica de cómo los diversos descubrimientos fueron modificando el conocimiento que el hombre ha tenido en los diversos momentos de la historia y su consecuente visión del mundo. 
649 |a XX 
650 |a Exploradores y Viajeros 
650 |a Descubrimientos Geográficos -  |x Historia 
650 |a Descubrimientos Científicos -  |x Historia 
650 |a Conocimiento -  |x Historia 
650 |a Cosmovisión -  |x Historia 
650 |a Ciencia -  |x Historia 
650 |a Geografía -  |x Historia 
650 |a Historia Universal 
910 |a Fondo General 
920 |a Impresos - Libros 
930 |a Colección General 
905 |a 101 
901 |a 0500080715  |b IT1  |c ACC  |u 20250521 
901 |a 0197270100  |b IT1  |c ACC  |u 20250521 
902 |a https://opac.biblio.iteso.mx/vufind/Record/000151122